000 00713nam a2200289 a 4500
003 AR-BaBNM
005 20251128205417.0
008 082120s2002 ||||||||||||||000 | spa||
020 _a84-276-0427-0
040 _cAR-BaBNM
100 1 _aFlores Jaramillo, Renan
245 0 0 _aEl otro rostro de América
260 _aMadrid
_bEditora Nacional
_c1977
300 _a177 p.
490 0 _aLibros de bolsillo
650 4 _aMUJERES
650 4 _aDERECHOS DE LA MUJER
650 4 _aSIGLO DIECINUEVE
650 4 _aHISTORIA CULTURAL
650 4 _aLITERATURA
650 4 _aHISTORIA
651 4 _aMéxico
651 4 _aAmérica Latina
653 _aAMERICA COLONIAL
942 _cBK
998 _cmariana
999 _c11330
_d11330